Kluby Ekstraklasy, I, II i III Ligi na mapie w sezonie 2024/25 - Statystyki

Ogólne statystyki
  • Ten quiz został rozwiązany 132 razy
  • Średni wynik to 65 z 126
Odpowiedzi na mapie
Odpowiedzi zakodowano w zielono-czerwonej skali na mapie do tego quizu, zgodnie z poniższymi procentami.
 
Statystyki odpowiedzi
Poziom rozgrywek Klub % Poprawnych
Ekstraklasa Lechia Gdańsk
95%
Ekstraklasa Legia Warszawa
95%
Ekstraklasa Śląsk Wrocław
95%
Ekstraklasa Cracovia
94%
Ekstraklasa Jagiellonia Białystok
94%
Ekstraklasa Pogoń Szczecin
94%
Ekstraklasa GKS Katowice
93%
Ekstraklasa Lech Poznań
93%
I liga ŁKS Łódź
93%
Ekstraklasa Widzew Łódź
93%
I liga Arka Gdynia
92%
Ekstraklasa Górnik Zabrze
92%
Ekstraklasa Motor Lublin
92%
I liga Wisła Kraków
92%
Ekstraklasa Korona Kielce
91%
I liga Polonia Warszawa
91%
Ekstraklasa Zagłębie Lubin
91%
Ekstraklasa Raków Częstochowa
90%
Ekstraklasa Piast Gliwice
88%
Ekstraklasa Puszcza Niepołomice
87%
Ekstraklasa Radomiak Radom
87%
I liga Ruch Chorzów
87%
Ekstraklasa Stal Mielec
87%
I liga Miedź Legnica
86%
I liga Stal Rzeszów
86%
I liga Warta Poznań
86%
I liga Wisła Płock
86%
I liga Bruk-Bet Termalica Nieciecza
83%
I liga Odra Opole
81%
I liga Kotwica Kołobrzeg
80%
II liga Polonia Bytom
80%
II liga Resovia
79%
I liga Pogoń Siedlce
77%
I liga GKS Tychy
75%
I liga Stal Stalowa Wola
74%
II liga Zagłębie Sosnowiec
74%
I liga Znicz Pruszków
74%
II liga Podbeskidzie Bielsko-Biała
73%
I liga Chrobry Głogów
72%
I liga Górnik Łęczna
72%
II liga Wieczysta Kraków
72%
III liga gr. II Zawisza Bydgoszcz
72%
II liga Olimpia Elbląg
70%
III liga gr. I Stomil Olsztyn
68%
II liga Hutnik Kraków
66%
III liga gr. II Elana Toruń
64%
III liga gr. IV Sandecja Nowy Sącz
64%
II liga Olimpia Grudziądz
63%
II liga Chojniczanka Chojnice
61%
II liga Skra Częstochowa
61%
III liga gr. I Wigry Suwałki
60%
II liga KKS 1925 Kalisz
58%
II liga Wisła Puławy
58%
III liga gr. II Flota Świnoujście
53%
III liga gr. IV Siarka Tarnobrzeg
53%
II liga Świt Szczecin
53%
II liga Rekord Bielsko-Biała
52%
III liga gr. IV Unia Tarnów
52%
III liga gr. III Lechia Zielona Góra
51%
II liga Pogoń Grodzisk Mazowiecki
51%
III liga gr. I GKS Bełchatów
50%
II liga GKS Jastrzębie
50%
III liga gr. IV Avia Świdnik
49%
II liga Zagłębie II Lubin
49%
II liga ŁKS II Łódź
48%
III liga gr. IV KSZO 1929 Ostrowiec Świętokrzyski
45%
III liga gr. II Lech II Poznań
45%
III liga gr. I Legia II Warszawa
44%
III liga gr. I Broń Radom
42%
III liga gr. IV Chełmianka Chełm
42%
III liga gr. I Jagiellonia II Białystok
42%
III liga gr. I Unia Skierniewice
42%
III liga gr. III Śląsk II Wrocław
41%
III liga gr. I ŁKS Łomża
40%
III liga gr. III Górnik Polkowice
38%
III liga gr. II Pogoń II Szczecin
37%
III liga gr. I Wisła II Płock
37%
III liga gr. IV Korona II Kielce
36%
III liga gr. II Gryf Słupsk
35%
III liga gr. III Ślęza Wrocław
35%
III liga gr. II Błękitni Stargard
34%
III liga gr. IV Podhale Nowy Targ
34%
III liga gr. III Górnik II Zabrze
33%
III liga gr. IV Wisłoka Dębica
32%
III liga gr. III Miedź II Legnica
31%
III liga gr. IV Wisła II Kraków
31%
III liga gr. I Pelikan Łowicz
28%
III liga gr. IV Świdniczanka Świdnik
28%
III liga gr. II Gedania Gdańsk
27%
III liga gr. III MKS Kluczbork
27%
III liga gr. I Świt Nowy Dwór Mazowiecki
27%
III liga gr. III Karkonosze Jelenia Góra
26%
III liga gr. III Stal Brzeg
26%
III liga gr. III Stilon Gorzów Wielkopolski
25%
III liga gr. I Lechia Tomaszów Mazowiecki
24%
III liga gr. IV Podlasie Biała Podlaska
24%
III liga gr. III Carina Gubin
23%
III liga gr. I Mławianka Mława
23%
III liga gr. III Polonia Słubice
22%
III liga gr. IV Star Starachowice
22%
III liga gr. I Victoria Sulejówek
22%
III liga gr. I Warta Sieradz
22%
III liga gr. II Unia Swarzędz
21%
III liga gr. IV Lewart Lubartów
20%
III liga gr. III LKS Goczałkowice Zdrój
19%
III liga gr. II Polonia Środa Wielkopolska
19%
III liga gr. III Warta Gorzów Wielkopolski
19%
III liga gr. I GKS Wikielec
18%
III liga gr. II Cartusia Kartuzy
17%
III liga gr. III Podlesianka Katowice
17%
III liga gr. IV Pogoń-Sokół Lubaczów
17%
III liga gr. I Sokół Aleksandrów Łódzki
17%
III liga gr. II Sokół Kleczew
17%
III liga gr. IV Czarni Połaniec
16%
III liga gr. IV KS Wiązownica
16%
III liga gr. II Noteć Czarnków
16%
III liga gr. II Vineta Wolin
16%
III liga gr. II Wybrzeże Rewalskie Rewal
16%
III liga gr. II Pogoń Nowe Skalmierzyce
15%
III liga gr. IV Wiślanie Skawina
15%
III liga gr. I Polonia Lidzbark Warmiński
14%
III liga gr. III Unia Turza Śląska
14%
III liga gr. II Wda Świecie
14%
III liga gr. II Kotwica Kórnik
13%
III liga gr. III Odra Bytom Odrzański
13%
III liga gr. III Pniówek Pawłowice Śląskie
8%
Nie znaleziono quizów pasujących do podanych kryteriów
Rozkład punktacji
Procent ludzi z każdym wynikiem
Percentyl według liczby udzielonych odpowiedzi
Twoja historia wyników
Nie rozwiązałeś tego quizu